अभिनव पत्र लेखन / (Record no. 112787)

MARC details
000 -LEADER
fixed length control field 00950nam a22002537a 4500
005 - DATE AND TIME OF LATEST TRANSACTION
control field 20170124102944.0
010 ## - LIBRARY OF CONGRESS CONTROL NUMBER
LC control number A-689697
020 ## - INTERNATIONAL STANDARD BOOK NUMBER
Terms of availability 80.00
035 ## - SYSTEM CONTROL NUMBER
System control number A-689697
037 ## - SOURCE OF ACQUISITION
Source of stock number/acquisition Cen Lib/Ret
040 ## - CATALOGING SOURCE
Original cataloging agency DPL
Language of cataloging HN
082 ## - DEWEY DECIMAL CLASSIFICATION NUMBER
Classification number 808.6
Item number सुदेश
100 ## - MAIN ENTRY--PERSONAL NAME
Personal name सुदेश शरण
9 (RLIN) 5680
245 ## - TITLE STATEMENT
Title अभिनव पत्र लेखन /
Statement of responsibility, etc सुदेश शरण
246 ## - VARYING FORM OF TITLE
Title proper/short title Abhinv patr lekhan /
Remainder of title by Sudesh Sharan
260 ## - PUBLICATION, DISTRIBUTION, ETC. (IMPRINT)
Place of publication, distribution, etc दिल्ली
Name of publisher, distributor, etc प्रेम प्रकाशन मंदिर
Date of publication, distribution, etc 1994
270 ## - ADDRESS
Address 3012, बल्लीमारान
City दिल्ली
Postal code 110006
300 ## - PHYSICAL DESCRIPTION
Extent xi,187पृ.
Dimensions 19सेमी(सजिल्द)
650 ## - SUBJECT ADDED ENTRY--TOPICAL TERM
Topical term or geographic name as entry element हिंदी साहित्य
9 (RLIN) 49187
650 ## - SUBJECT ADDED ENTRY--TOPICAL TERM
Topical term or geographic name as entry element हिंदी पत्र
9 (RLIN) 49188
650 ## - SUBJECT ADDED ENTRY--TOPICAL TERM
Topical term or geographic name as entry element Hindi solitary
9 (RLIN) 44725
650 ## - SUBJECT ADDED ENTRY--TOPICAL TERM
Topical term or geographic name as entry element Hindi letters
9 (RLIN) 49189
942 ## - ADDED ENTRY ELEMENTS (KOHA)
Source of classification or shelving scheme Dewey Decimal Classification
Koha item type Hindi Books
Classification part 808.6
Call number suffix सुदेश
Holdings
Withdrawn status Lost status Damaged status Not for loan Home library Current library Date acquired Source of acquisition Cost, normal purchase price Total Checkouts Full call number Barcode Date last seen Copy number Cost, replacement price Price effective from Koha item type
        Central Library Central Library 10/08/2015 Cen Lib/Ret 80.00   808.6 सुदेश A-689697 10/08/2015 1 80.00 10/08/2015 Hindi Books

© Delhi Public Library
Hit Counter
free hit counter